LEADER 00849nas a2200229 i 4500 001 000000240370 003 CaOOAMICUS 005 20150327000000.0 008 150327b1894 xx uu u0 0lat r 013 $a219275 040 $aSeMil$bita 245 10$a1894. 260 $aMilano :$bAgnelli Jacobus Impress. Archiep.,$c1894. 300 $a95 p. ;$c21 cm. 500 $aFondo card. C. M. Martini. 773 0 $tCalendarium Ambrosianum.$dMediolani : Typis Galeatium & filios impressores archiepiscopales, 1800-1969.$w()2075 850 $aSeMil 852 $aSeMil$W1$xVenegono$y1$m203 4 1/95$j190716$B190716$CSeMilBibl$Z2$F201558 $85 941 1 $a4 961 $aLascito: Martini Card. Carlo Maria 996 $6245$a1894$9(OLS)http://semarc/title/221042 996 $6260$aMilano :$bAgnelli Jacobus Impress. Archiep.$9(OLS)http://semarc/publisher/44629 LEADER 00979nam a2200241 i 4500 001 000000020365 003 CaOOAMICUS 005 20230306094247.0 008 180830s1926 it u000 u ita u 040 $aSeMil$bita 100 1 $aSeneca, Lucius Anneus,$d<4 a.C.-65 d.C.>.$0(OLS)http://semarc/name/764 245 10$aTragedie /$cSeneca ; versione di Giovanni Lattanzi. Tragoediae. 264 1$aMilano :$bNotari,$c1926-1928. 300 $a4 v. ;$c17 cm. 650 4$aSeneca, Lucio Anneo <4 a.C.-65 d.C.> - Opere.$0(OLS)http://semarc/subject/4173 700 1 $aLattanzi, Giovanni.$0(OLS)http://semarc/name/9123 774 0 $tVol. 1.$kCollezione Romana$w()176066 774 0 $tVol. 2.$kCollezione Romana$w()176068 774 0 $tVol. 3.$kCollezione Romana$w()176069 774 0 $tVol. 4.$kCollezione Romana$w()176067 996 $6245$aTragedie$9(OLS)http://semarc/title/19185 996 $6264$aMilano :$bNotari$9(OLS)http://semarc/publisher/32964